000 00720cam a2200229 a 4500
001 695452
005 20180109044002.0
008 960208s1995 enk b 001 0 eng
010 _a 96113328
020 _a0750624884
040 _aDLC
_cDLC
_dDLC
041 _aeng
080 _a345.0256 BRA
082 0 0 _a345.0256 BRA
100 _a14
101 _aJUR
245 0 4 _aThe international libel handbook :
_cedited by Nick Braithwaite.
504 _aIncludes bibliographical references (p. [239]-240) and index.
906 _a7
_bcbc
_corignew
_d2
_encip
_f19
_gy-gencatlg
942 _2ddc
_cBK
999 _c39878
_d39878